|
|
|
|
| LEADER |
00000nab a2200000 a 4500 |
| 001 |
vtls000628893 |
| 003 |
SK-MaSNL |
| 005 |
20260304094815.0 |
| 008 |
250425c1997 xo 0 slo |
| 015 |
|
|
|a SNBRB19rr/mm-uuuuu
|
| 035 |
|
|
|a CL0629032
|
| 035 |
|
|
|a urn:nbn:sk:snk-abbqwa
|
| 035 |
|
|
|a (urnnbn)urn:nbn:sk:snk:ar-002v3d
|
| 035 |
|
|
|a (uuid)469f3757-63ca-48a6-bfd5-75a7ab5000e2
|
| 040 |
|
|
|a SNKBUCL
|b slo
|c SNKBUCL
|e AACR2
|
| 041 |
0 |
|
|a slo
|
| 044 |
|
|
|a xo
|c SK
|
| 080 |
|
|
|a 885.4-1
|2 1981
|
| 100 |
1 |
|
|a Pfneisl, Peter
|4 aut
|9 1391521
|
| 245 |
1 |
0 |
|a Kolobeh myšlienok
|c Peter Pfneisl
|
| 650 |
0 |
7 |
|a miniatúry básnické
|2 snkbucl
|9 900261
|
| 655 |
|
7 |
|a články z novín a časopisov
|2 snkbucl
|9 267496
|
| 773 |
0 |
|
|t Dotyky
|g Roč. 9, č. 4 (1997), s. 51
|
| 850 |
|
|
|a Slovenská národná knižnica
|
| 852 |
|
|
|a Slovenská národná knižnica
|
| 958 |
|
|
|a article15
|
| 958 |
|
|
|a OND
|
| 958 |
|
|
|a LX
|
| 958 |
|
|
|a SK
|
| 958 |
|
|
|a RK
|
| 958 |
|
|
|a EUIPO
|
| 992 |
|
|
|a RBX
|
| 999 |
|
|
|c 2829061
|d 2830991
|